| 000 | 00642nac a22001811u 4500 | ||
|---|---|---|---|
| 010 | _a 94014528 | ||
| 020 | _a1558283536 : | ||
| 082 | 0 | 0 |
_a004.69 _bB2185 |
| 090 |
_c4538 _d4538 |
||
| 100 | _aBanks, Michael A. | ||
| 245 | 1 | 0 |
_aWelcome to-- Compuserve for Windows / _cMichael Banks. |
| 260 |
_aNew York, N.Y. : _bMIS Press, _c1994. |
||
| 300 |
_axxiii, 406 p. : _bill. (some col.) ; _c24 cm. |
||
| 500 | _aIncludes index. | ||
| 650 | 0 | _aCompuServe (Online service) | |
| 942 |
_cBB _k004.69B2185 |
||
| 999 |
_c4538 _d4538 |
||